000 00715nam a22002177a 4500
999 _c11036
_d11036
003 AR-CdUCM
008 190402b ||||| |||| 00| 0 spa d
020 _a84-8389-004-6
040 _aMUNICIPALIDAD PROVINCIAL DEL CUSCO
_cBIBLIOTECA MUNICIPAL DEL CUSCO
082 _aES / 373.460 /
_bB23
100 _aBarrenechea Núñez, Rubén
_928157
245 _aLenguaje y literatura :
_bcuarto grado de educación secundaria /
260 _aLima :
_bBrasa,
_c1994.
300 _a272 páginas ;
_bIlustraciones,
_c20 cm.
505 _aContenido: Lectura de textos no literarios...
650 _aLenguaje
_95227
650 _aLenguas
_913969
650 _aTextos escolares
_94527
942 _2ddc
_cLIBROS
945 _adavv